| 000 | 01076nam a2200277 a 4500 | ||
|---|---|---|---|
| 001 | 42684 | ||
| 003 | BD-RjUL | ||
| 005 | 20211209053557.0 | ||
| 008 | 160614s1952 enk b 001 0 eng d | ||
| 035 | _a(BD-RjUL)42802 | ||
| 040 |
_aIFA _cIFA _dEUX _dBD-RjUL _beng |
||
| 041 | _aeng | ||
| 082 |
_223 _a327 _bROS 1952 |
||
| 110 | 1 |
_aRoyal Institute of International Affairs. _9233547 |
|
| 245 | 1 | 0 |
_aSurvey of international Affairs, 1947-1948 / _cRoyal Institute of International Affairs ; by Peter Calvocoressi ; Assisted by Sheila Harden ; with an introduction by Arnold Toynbee. |
| 260 |
_aLondon : _bOxford University Press, _c1952. |
||
| 300 |
_ax, 581 p. : _bill ; _c24 cm. |
||
| 500 | _a"Issued under the auspices of the Royal Institute of International Affairs" | ||
| 500 | _aIncludes index. | ||
| 650 | 0 |
_aWorld politics _y1945-1955. _9131211 |
|
| 650 | 0 |
_aInternational relations _y1945-1955. _9233548 |
|
| 700 |
_aCalvocoressi, Peter _9129119 |
||
| 700 |
_aHarden, Sheila, jt. auth. _9233551 |
||
| 700 |
_aToynbee, Arnold, introducer _9233552 |
||
| 942 |
_2ddc _cRAR |
||
| 999 |
_c42684 _d42684 |
||